|
|
|
|
| LEADER |
01103nam a2200265 a 4500 |
| 001 |
16049279 |
| 008 |
110327s2010 njua 001 0 eng |
| 010 |
|
|
|a 2009053421
|
| 020 |
|
|
|a 9780137060887 (pbk.)
|
| 040 |
|
|
|a DLC
|c DLC
|d BD-DhAAL
|
| 050 |
0 |
0 |
|a QA76.76.O63
|b S5945 2010
|
| 082 |
0 |
0 |
|a 005.4/32
|2 22
|
| 100 |
1 |
|
|a Sobell, Mark G.
|
| 245 |
1 |
2 |
|a A practical guide to Fedora and Red Hat Enterprise Linux /
|c Mark G. Sobell.
|
| 250 |
|
|
|a 5th ed.
|
| 260 |
|
|
|a Upper Saddle, NJ :
|b Prentice Hall,
|c 2010.
|
| 300 |
|
|
|a xlvii, 1163 p. :
|b ill. ;
|c 23 cm. +
|e 1 DVD-ROM (4 3/4 in.)
|
| 500 |
|
|
|a Includes index.
|
| 541 |
1 |
|
|e 00022220
|
| 630 |
0 |
0 |
|a Linux.
|
| 650 |
|
0 |
|a Operating systems (Computers)
|
| 852 |
|
|
|a Ayesha Abed Library
|c General Shelf.
|
| 999 |
|
|
|c 10579
|d 10579
|
| 952 |
|
|
|0 0
|1 0
|2 ddc
|4 0
|6 005_432000000000000_SOB
|7 0
|9 15864
|a BRACUL
|b BRACUL
|c GEN
|d 2011-03-27
|e Parama
|g 3399.32
|l 2
|m 15
|o 005.432 SOB
|p 3010022220
|r 2024-06-12
|s 2024-06-05
|t 1
|w 2011-03-27
|y BK
|
| 952 |
|
|
|0 0
|1 0
|2 ddc
|4 0
|6 005_432000000000000_SOB
|7 0
|9 15865
|a BRACUL
|b BRACUL
|c AV
|d 2011-03-27
|l 0
|o 005.432 SOB
|p 4010022220
|r 2011-03-27
|t 1
|w 2011-03-27
|y AV
|